| 000 | 00538nam a22001697a 4500 | ||
|---|---|---|---|
| 005 | 20251108164843.0 | ||
| 008 | 250721s1985 xx 000 0 ara d | ||
| 082 | 1 | 4 | _a891.5/مرى |
| 100 | 1 | _aزهيري، مريم محمد | |
| 245 | 1 | 0 |
_aالشعر الفارسي : _bمنذ نشأته حتى عصر السلاجقه / |
| 264 | 1 |
_aالقاهره : _bمكتبة نهضة الشرق، _c1985. |
|
| 300 | _a169ص. | ||
| 650 | 1 | 7 | _aالأدب الفارسي |
| 650 | 1 | 7 | _aالشعر الفارسي |
| 942 |
_2ddc _cBK |
||
| 999 |
_c15906 _d15906 |
||